
Library Catalogue

| 000 -LEADER | |
|---|---|
| fixed length control field | 00583nam a2200193Ia 4500 |
| 003 - CONTROL NUMBER IDENTIFIER | |
| control field | OSt |
| 005 - DATE AND TIME OF LATEST TRANSACTION | |
| control field | 20210416112334.0 |
| 008 - FIXED-LENGTH DATA ELEMENTS--GENERAL INFORMATION | |
| fixed length control field | 160316s1911 xxu||||| |||| 00| 0 eng d |
| 040 ## - CATALOGING SOURCE | |
| Transcribing agency | n |
| 082 ## - DEWEY DECIMAL CLASSIFICATION NUMBER | |
| Classification number | 324.220942 |
| Item number | BEN-II |
| 100 ## - MAIN ENTRY--PERSONAL NAME | |
| Personal name | Benson Arthur Christopher |
| 245 ## - TITLE STATEMENT | |
| Title | The letters of Queen Victoria .Vol.II : 1844 - 1853 |
| 260 ## - PUBLICATION, DISTRIBUTION, ETC. | |
| Place of publication, distribution, etc. | London |
| Name of publisher, distributor, etc. | John Murray |
| Date of publication, distribution, etc. | 1911 |
| 300 ## - PHYSICAL DESCRIPTION | |
| Extent | 470p. |
| Other physical details | 20 cm |
| Dimensions | ix |
| 365 ## - TRADE PRICE | |
| Price amount | Gratis |
| 700 ## - ADDED ENTRY--PERSONAL NAME | |
| Personal name | Esher Viscount |
| -- | |
| 856 ## - ELECTRONIC LOCATION AND ACCESS | |
| Uniform Resource Identifier | <a href="https://ia802705.us.archive.org/27/items/lettersqueenvic05bensgoog/lettersqueenvic05bensgoog.pdf">https://ia802705.us.archive.org/27/items/lettersqueenvic05bensgoog/lettersqueenvic05bensgoog.pdf</a> |
| 942 ## - ADDED ENTRY ELEMENTS (KOHA) | |
| Source of classification or shelving scheme | Dewey Decimal Classification |
| Koha item type | BOOKs |
| Withdrawn status | Lost status | Damaged status | Not for loan | Home library | Current library | Shelving location | Date acquired | Total Checkouts | Full call number | Barcode | Date last seen | Price effective from | Koha item type |
|---|---|---|---|---|---|---|---|---|---|---|---|---|---|
| NLS | NLS | Library Compactors | 30/05/2017 | 324.220942 BEN-II | 5574 | 30/05/2017 | 30/05/2017 | BOOKs |